| 000 | 01157nam a2200301 a 4500 | ||
|---|---|---|---|
| 001 | 000017891 | ||
| 003 | DO-SdBNP | ||
| 005 | 20240925085245.0 | ||
| 008 | 100407s2006 dr c 000 0 spa d | ||
| 020 | _a9945160036 | ||
| 040 |
_aDO-SdBNP _bspa _cBNPHU |
||
| 049 | _aBNPD | ||
| 082 | 4 |
_a972.9385 _bR621n _222 |
|
| 100 | 1 |
_aRivera, Ernesto, _d1934- _938827 |
|
| 245 | 1 | 0 |
_aNotas para un estudio de Higüey y de la devoción altagraciana / _cErnesto Rivera. |
| 246 | 1 | _aHistoria de la villa de Higüey | |
| 260 |
_aSanto Domingo : _bBho, _c2006. |
||
| 300 |
_a348 p. : _bretrs. ; _c23 cm. |
||
| 504 | _aBibliografía : p. 337-338 | ||
| 650 | 4 |
_aIglesia católica _zRepública Dominicana _92409 |
|
| 650 | 4 |
_aVirgen de la Altagracia _xCulto _zRepública Dominicana _938828 |
|
| 650 | 4 |
_aCiudades y pueblos _zRepública Dominicana _9784 |
|
| 651 | 4 |
_aHigüey (República Dominicana) _xHistoria local _926822 |
|
| 651 | 0 |
_aRepública Dominicana -- _xHistoria -- _yDescubrimiento y conquista, 1492-1503 _9255 |
|
| 651 | 4 |
_aHigüey (República Dominicana) _xVida social y costumbres _98392 |
|
| 910 | _aValidado. Control de calidad BNPHU | ||
| 942 |
_2ddc _cLBS1 |
||
| 999 |
_c17415 _d17415 |
||